000 00269nam a2200109Ia 4500
008 220204s9999 xx 000 0 und d
082 _a82-3MB
_bBUR
100 _aBurchell, Mary
245 0 _aLove him or leave him
260 _aLondon
_bMills and Boon
_c1976
942 _cBK
999 _c33135
_d33135